=LDR 00000nam 2200000 4500 =001 INLIS000000000014784 =005 20130612110049 =008 ***********************************Ind** =035 ##$$0010-061300000014784 =041 ##$$a Ind =082 ##$$a 153.4 =090 ##$$a 153.4, Eas c =100 ##$$a Easwaran, Eknath =245 ##$$a Conquest of mind, Menaklukan gelombang kehidupan dalam menggapai sang diri sejati, Eknath Easwaran =260 ##$$a 2004 $b Jakarta =300 ##$$a xii, 379 hlm, 18 cm =650 ##$$a Pisikologi perkembangan =850 ##$$a NBPNMAT